000
00270nam a2200109Ia 4500
008
190914s9999||||xx |||||||||||||| ||und||
100
_a
Alan C.Shapiro
245
0
_a
Multinational Financial Management
260
_a
India
_b
S. Chand
_c
2004
300
_a
150
942
_c
BK
999
_c
10145
_d
10145